Calciatori e Anno di nascita - Quiz n°21 - Statistics

Statistiche generali
  • Questo quiz è stato fatto 27 volte
  • Il punteggio medio è 4 su 10
Statistiche sulle risposte
Hint Risposta % Corretto
Jude Bellingham 2003
68%
Alessandro Florenzi 1991
59%
Adam Lallana 1988
50%
Kamil Glik 1988
50%
Gonçalo Guedes 1996
50%
Gabriel Martinelli 2001
50%
Lucas Vázquez 1991
36%
Filip Kostić 1992
32%
Ishak Belfodil 1992
32%
Łukasz Skorupski 1991
18%
Nessun quiz corrispondente trovato
Distribuzione punteggi
Percentuale di utenti per punteggio
Percentile per numero di risposta
I tuoi punteggi nel tempo
Non hai fatto questo quiz